| 000 | 00680nam a22001937a 4500 | ||
|---|---|---|---|
| 005 | 20251108165010.0 | ||
| 008 | 250721s1988 xx 000 0 ara d | ||
| 082 | 1 | 4 | _a658.42/ترى |
| 100 | 1 | _aتريجو، بنجامين ب | |
| 245 | 1 | 0 |
_aإستراتيجية الإدارة العليا : _bماهيتها و كيفية تشغيلها / |
| 264 | 1 |
_aالقاهرة : _bالدار الدولية للنشر والتوزيع، _c1988. |
|
| 300 | _a160ص | ||
| 650 | 1 | 7 | _aالإدارة |
| 650 | 1 | 7 | _aتقنيات الإدارة |
| 700 | 1 | _aزيمرمان، جون و | |
| 700 | 1 |
_aالبريسي، إبراهيم علي _eترجمة |
|
| 942 |
_2ddc _cBK |
||
| 999 |
_c19508 _d19508 |
||